What USA state is best at... #1 - Statistics

General Stats
  • This quiz has been taken 66 times
    47 since last reset
  • The average score is 12 of 13
Answer Stats
Hint Answer % Correct
First alphabetically Alabama
100%
The most populous California
100%
The smallest Rhode Island
100%
The largest Alaska
98%
Last alphabetically Wyoming
98%
Has the northernmost point Alaska
95%
Has the easternmost point (In the western hemisphere) Maine
95%
Has the westernmost point Alaska
93%
Has the southernmost point Hawaii
93%
Newest state Hawaii
93%
Oldest state Delaware
86%
The least populous Wyoming
86%
Most species in a state California
73%
No matching quizzes found
Score Distribution
Percent of People with Each Score
Percentile by Number Answered
Your Score History
You have not taken this quiz since the last reset